[Event "AUTO-ADV-4928"]
[Site "http://www.queenalice.com/game.php?id=1871495"]
[Date "2026.4.5"]
[Round "1"]
[White "rviana"]
[Black "Capixabba789"]
[Result "1-0"]
[WhiteElo "1891"]
[BlackElo "1920"]

1. d4 e5 2. c4 exd4 3. Nf3 Bc5 4. Nxd4 d5 5. Nb3 Ne7 6. Nxc5 O-O 7. e3 c6 8. Be2
b6 9. Nb3 Nf5 10. cxd5 Qxd5 11. Qxd5 cxd5 12. Nc3 Be6 13. O-O Nc6 14. Bd2 Ne5
15. Rac1 Rfc8 16. Ba6 Rd8 17. Ne2 Ng4 18. Rc7 h5 19. Rfc1 1-0

[Event "AUTO-ADV-4928"]
[Site "http://www.queenalice.com/game.php?id=1871496"]
[Date "2026.4.5"]
[Round "1"]
[White "Capixabba789"]
[Black "rviana"]
[Result "0-1"]
[WhiteElo "1950"]
[BlackElo "1924"]

1. d4 g6 2. e4 Bg7 3. f4 d5 4. e5 Bf5 5. c4 e6 6. Nf3 Ne7 7. c5 O-O 8. Nc3 b6 9.
cxb6 axb6 10. Ne2 c5 11. Ng3 Nbc6 12. Nxf5 Nxf5 13. Bb5 Nfxd4 14. Nxd4 Nxd4 15.
Be2 Qh4+ 16. Kf1 Nxe2 17. Qxe2 d4 18. Bd2 Qe7 19. h4 h5 20. a3 Qb7 21. Rh3 Qd5
22. Rc1 f5 23. Rg3 Kh7 24. Qc4 Rfd8 25. Qxd5 Rxd5 26. Kg1 Bf8 27. Kh2 Be7 28.
Kh3 b5 29. Rf3 c4 30. g3 Rd7 31. Rd1 Raa7 32. Rff1 Bc5 33. Bc1 d3 34. Bd2 Kg7
35. Ra1 Bd4 36. Rab1 Kf7 37. Bb4 Be3 38. Bd6 Ke8 39. Rf3 Rxd6 40. exd6 Bc5 41.
Rd1 Kd7 42. Rdxd3 cxd3 43. Rxd3 Ra4 44. b4 Bxd6 45. Kg2 Ra6 46. Kf3 Rc6 47. Ke3
Rc1 48. Kf3 Kc6 49. Ke3 Be7 50. Kf3 Bf6 51. Ke3 Rc3 0-1

[Event "AUTO-ADV-4928"]
[Site "http://www.queenalice.com/game.php?id=1871499"]
[Date "2026.4.5"]
[Round "1"]
[White "rviana"]
[Black "EduardoRo"]
[Result "1-0"]
[WhiteElo "1963"]
[BlackElo "1631"]

1. c4 e5 2. Nc3 Bc5 3. e3 Nf6 4. d4 exd4 5. exd4 Qe7+ 6. Be3 Bb4 7. Qc2 d6 8.
Bd3 Bg4 9. f3 Bh5 10. Qf2 Nc6 11. Ne2 O-O 12. O-O a6 13. Nf4 Bxc3 14. Nxh5 Nxh5
15. bxc3 Nf6 16. Rfe1 Qd7 17. Rab1 Ne7 18. Rxb7 Ng6 19. Reb1 a5 20. R1b5 a4 21.
a3 Rfe8 22. Bxg6 fxg6 23. d5 Re7 24. Rb8+ Rxb8 25. Rxb8+ Kf7 26. Rb7 Qc8 27. Ra7
Qb8 28. Qd2 Qb1+ 29. Kf2 Qb3 30. Qd4 Qxa3 31. Kg3 h5 32. c5 dxc5 33. Qxc5 Qxc5
34. Bxc5 Rd7 35. c4 g5 36. Rxa4 Kg6 37. Ra7 Kf5 38. Bb4 h4+ 39. Kf2 Ke5 40. Ke3
g4 41. f4+ Kf5 42. g3 h3 43. d6 Ne8 44. dxc7 Nxc7 45. Ra5+ Kf6 46. Rg5 Ne6 47.
Bc3+ Kf7 48. Rxg4 g6 49. Rh4 Rc7 50. Rh7+ Ke8 51. Rxc7 Nxc7 52. Kf3 Kf7 53. Kg4
Ke6 54. Kxh3 Kf5 55. Kg2 Ne6 56. Kf3 Nc5 57. g4+ Ke6 58. h4 Kf7 59. f5 gxf5 60.
gxf5 Na4 61. Bd4 Kf8 62. h5 Kg8 63. c5 Kh7 64. c6 1-0

[Event "AUTO-ADV-4928"]
[Site "http://www.queenalice.com/game.php?id=1871500"]
[Date "2026.4.5"]
[Round "1"]
[White "EduardoRo"]
[Black "rviana"]
[Result "0-1"]
[WhiteElo "1700"]
[BlackElo "1917"]

1. e4 c6 2. d4 d5 3. e5 Bf5 4. Nf3 e6 5. Bg5 Be7 6. Bf4 Nd7 7. Nbd2 Qa5 8. c3 h6
9. Be2 g5 10. Be3 g4 11. Nb3 Qc7 12. Nfd2 O-O-O 13. Nc5 Bxc5 14. dxc5 Nxe5 15.
O-O Ne7 16. b4 N7g6 17. Nb3 Nc4 18. Bxc4 dxc4 19. Nd2 h5 20. Nxc4 Rxd1 21. Raxd1
Rd8 22. Rxd8+ Qxd8 23. g3 Qd3 24. Nd6+ Kd7 25. Nxf7 Qxc3 26. Rd1+ Ke7 27. Ng5
Qxb4 28. Rd6 Qb1+ 29. Kg2 Be4+ 30. Nxe4 Qxe4+ 31. Kf1 Qb1+ 32. Kg2 Ne5 33. f3
Qxa2+ 34. Kh1 Qe2 35. Bg5+ Kf7 36. fxg4 Nf3 37. gxh5 Qxh2# 0-1

[Event "AUTO-OPEN-4647"]
[Site "http://www.queenalice.com/game.php?id=1871667"]
[Date "2026.4.8"]
[Round "1"]
[White "josebaron"]
[Black "rviana"]
[Result "1-0"]
[WhiteElo "2142"]
[BlackElo "1924"]

1. e4 g6 2. Nf3 c5 3. d4 Bg7 4. Bc4 cxd4 5. Nxd4 e6 6. O-O Qb6 7. c3 Ne7 8. a4
O-O 9. a5 Qc7 10. Bb3 Nbc6 11. Nxc6 bxc6 12. Re1 d5 13. exd5 cxd5 14. Nd2 Ba6
15. Nf3 Nc6 16. h4 Nxa5 17. Bc2 Qb6 18. Be3 Qc7 19. b4 1-0

[Event "AUTO-ADV-4929"]
[Site "http://www.queenalice.com/game.php?id=1871716"]
[Date "2026.4.8"]
[Round "1"]
[White "Capixabba789"]
[Black "rviana"]
[Result "0-1"]
[WhiteElo "1912"]
[BlackElo "1941"]

1. d4 Nf6 2. c4 c6 3. Nc3 d5 4. e3 Bf5 5. cxd5 Nxd5 6. Nf3 e6 7. Be2 Bd6 8. O-O
O-O 9. Bd2 Nd7 10. a3 Qc7 11. Qc1 Nxc3 12. Bxc3 Nf6 13. Ne5 Ne4 14. f4 Nxc3 15.
Qxc3 Rac8 16. b4 Be4 17. Qe1 Bxe5 18. fxe5 Qe7 19. Rf2 Qg5 20. Bf1 h5 21. Rf4
Bd5 22. Qf2 f6 23. e4 fxe5 24. Rxf8+ Rxf8 25. Qe2 Bb3 26. dxe5 Qxe5 27. Re1 Ba4
28. Qe3 a5 29. Qb6 axb4 30. Qxb4 Bb5 31. Bxb5 Qxb5 32. Qxb5 cxb5 33. Rb1 Ra8 34.
Rxb5 Rxa3 35. Rxb7 Re3 36. e5 Rxe5 37. h3 Rf5 38. Re7 e5 39. g3 Kf8 40. Re6 Kf7
41. Ra6 e4 42. Ra1 Kf6 43. Re1 Ke5 44. Kg2 g5 45. g4 hxg4 46. hxg4 Rf3 47. Ra1
Kf4 48. Ra7 Kxg4 49. Re7 Kf4 50. Rf7+ Ke3 51. Rg7 Rf5 0-1